00321nam a2200121Ia 4500008004100000041000800041082001500049100001700064245004400081260003500125300003000160365000900190240624s9999 xx 000 0 und d aeng a658.84 KLE aKLEIN JOSHUA aREPUTATION ECONOMICS WHY WHO YU KNOW IS c2013aNew DelhibPan Macmillan aix, : 246 : p. : cm. ; 24 cb38